书目信息 |
| 题名: |
赵必振译文集
|
|
| 作者: | 赵必振 译 ;曾世平 主编 | |
| 分册: | 人物卷 | |
| 出版信息: | 北京 九州出版社 2021 |
|
| 页数: | 10,539页 | |
| 开本: | 24cm | |
| 丛书名: | ||
| 单 册: | ||
| 中图分类: | C53 , K811 | |
| 科图分类: | ||
| 主题词: | 社会科学--文集 , 名人--传记--世界 | |
| 电子资源: | ||
| ISBN: | 978-7-5108-9677-4 | |
| 000 | 01487nam0 2200289 450 | |
| 001 | 2368137752 | |
| 005 | 20231124192902.16 | |
| 010 | @a978-7-5108-9677-4@b精装@dCNY99.00 | |
| 100 | @a20210506d2021 em y0chiy50 ea | |
| 101 | 1 | @achi@cjpn |
| 102 | @aCN@b110000 | |
| 105 | @ay z 000yd | |
| 106 | @ar | |
| 200 | 1 | @a赵必振译文集@Azhao bi zhen yi wen ji@i人物卷@f曾世平主编@g中共常德市鼎城区委党史研究室, 常德市鼎城区赵必振研究会编 |
| 210 | @a北京@c九州出版社@d2021 | |
| 215 | @a10,539页@d24cm | |
| 300 | @a国家社会科学基金项目 | |
| 327 | 1 | @a亚历山大/(日)幸田友成著;赵必振译@a戈登将军/(日)赤松紫川著;赵必振译@a拿破仑/(日)土井林吉著;赵必振译@a惹安达克/(日)中内牒丕著;国民丛书社译@a德意志先觉六大家传/(日)大桥新太郎编辑;赵必振译述@a世界十二女杰/(日)岩崎徂堂,(日)三上寄凤合著;赵必振译@a东洋女权萌芽小史/(日)铃木光次郎编辑;赵必振译@a日本维新慷慨史卷,原名,近古慷慨家列传/(日)西村三郎编辑;赵必振译述 |
| 330 | @a本书汇集了赵必振翻译的当时日本的一些进步作家编著的七部著作,包括三部个人传记《亚历山大》《戈登将军》《拿破仑》,另外还有希望唤醒民族觉醒进行创作的《德意志文豪六大家列传》,树立晚清时女性典范意义的《世界十二女杰》,建构优秀日本女性形象的《东洋女权萌芽史》,鼓舞积极人士文明进步、改造社会的《日本维新慷慨史》。 | |
| 606 | 0 | @a社会科学@j文集 |
| 606 | 0 | @a名人@x传记@y世界 |
| 690 | @aC53@v5 | |
| 690 | @aK811@v5 | |
| 701 | 0 | @a赵必振@AZhao Bi Zhen@f(1873-1956)@4译 |
| 702 | 0 | @a曾世平@Azeng shi ping@4主编 |
| 801 | 0 | @aCN@b山东中教@c20231119 |
| 905 | @aBZT@dC53@e51:1 | |
| 赵必振译文集.人物卷/曾世平主编/中共常德市鼎城区委党史研究室, 常德市鼎城区赵必振研究会编.-北京:九州出版社,2021 |
| 10,539页;24cm |
| 国家社会科学基金项目 |
| 部分内容:亚历山大/(日)幸田友成著;赵必振译;戈登将军/(日)赤松紫川著;赵必振译;拿破仑/(日)土井林吉著;赵必振译;惹安达克/(日)中内牒丕著;国民丛书社译;德意志先觉六大家传/(日)大桥新太郎编辑;赵必振译述;世界十二女杰/(日)岩崎徂堂,(日)三上寄凤合著;赵必振译;东洋女权萌芽小史/(日)铃木光次郎编辑;赵必振译;日本维新慷慨史卷,原名,近古慷慨家列传/(日)西村三郎编辑;赵必振译述 |
| ISBN 978-7-5108-9677-4(精装):CNY99.00 |
| 本书汇集了赵必振翻译的当时日本的一些进步作家编著的七部著作,包括三部个人传记《亚历山大》《戈登将军》《拿破仑》,另外还有希望唤醒民族觉醒进行创作的《德意志文豪六大家列传》,树立晚清时女性典范意义的《世界十二女杰》,建构优秀日本女性形象的《东洋女权萌芽史》,鼓舞积极人士文明进步、改造社会的《日本维新慷慨史》。 |
| ● |
| 相关链接 |
|
|
|
正题名:赵必振译文集
索取号:C53/51:1
 
预约/预借
| 序号 | 登录号 | 条形码 | 馆藏地/架位号 | 状态 | 备注 |
| 1 | 2000984945 | 2000984945 | 中教第一批/山东中教(第一批)/632/ [索取号:C53/51:1] | 在馆 | |
| 2 | 2000984946 | 2000984946 | 中教第一批/山东中教(第一批)/632/ [索取号:C53/51:1] | 在馆 | |
| 3 | 2000984947 | 2000984947 | 中教第一批/山东中教(第一批)/632/ [索取号:C53/51:1] | 在馆 | |
| 4 | 2000984948 | 2000984948 | 中教第一批/山东中教(第一批)/632/ [索取号:C53/51:1] | 在馆 | |
| 5 | 2000984949 | 2000984949 | 中教第一批/山东中教(第一批)/632/ [索取号:C53/51:1] | 在馆 | |
| 6 | 2000984950 | 2000984950 | 中教第一批/山东中教(第一批)/632/ [索取号:C53/51:1] | 在馆 |